| 000 | 05806nam0a22005651 4500 | ||
|---|---|---|---|
| 001 | RU\NLR\UK\1416 | ||
| 005 | 20260408065033.0 | ||
| 035 | _a(NLR Aleph) 009799213 | ||
| 090 |
_a10167857 _c10167857 |
||
| 100 | _a20260120 rusy50 | ||
| 101 | 0 | _arus | |
| 102 | _aRU | ||
| 105 | _ay n 000yy | ||
| 135 | _acrbn 001aaaba | ||
| 200 | 1 |
_aУказ ея императорскаго величества самодержицы всероссийской, _e[О позволении мастерам делать золотые и серебрянные вещи ниже 84-й пробы, однако ж не ниже 72-й пробы] _eиз Правительствующаго Сената объявляется всенародно. |
|
| 210 |
_aПечатан в Санктпетербурге _cпри Сенате _dноября 25 дня 1779 года |
||
| 215 |
_a[2] с. _d2° |
||
| 300 | _aУказ Екатерины II от 25 нояб. 1779 г. | ||
| 300 | _aТекст напеч. на одной стороне листа | ||
| 304 | _aТекст начинается словами: Ея императорское величество высочайшим указом, данным Сенату за собственноручным ея величества подписанием 5 сего ноября, всемилостивейше за благо признать соизволила: позволить всем здешним золотых и серебряных дел мастерам... | ||
| 304 | _aНазв. указа дано по ПСЗ | ||
| 304 | _aСлева от М.П.: Подлинный за подписанием Правительствующаго Сената | ||
| 306 | _aВых. дан. указаны справа от М.П. | ||
| 316 |
_aЭкз. РНБ (135/331-76) является частью владельч. конволюта. Припл. к: [О правилах производства апелляционных дел]. - Печатан в Санктпетербурге: при Сенате, августа 7 дня 1762 года. _5NLR: 135/331-76 |
||
| 321 | _aПСЗ. Т.20. 14949 | ||
| 325 | _aКопия доступна в Электрон. б-ке РНБ http://vivaldi.nlr.ru/lk000002852/view | ||
| 482 | 0 |
_1RU\NLR\BIBL_A\011719525 _12001#$aУказ ея императорскаго величества самодержицы всероссиискои,$e[О прекращении делания новой медной монеты, о вымене легковесных медных денег в казну, и о приеме серебра на монетные дворы с платежем по девятнадцати копеек с половиной за золотник]$fиз Правительствующаго Сената, объявляется во всенародное известие. В именном ее императорского величества высочайшем указе, за подписанием собственной руки сего 1767 года декабря от 21 дня, в Сенат написано: всемилостивейше повелевает ее императорское величество учредить особую коммисию... _1210##$aПечатан в Моске$cпри Сенате$dгенваря 27 дня, 1763 года _tУказ ея императорскаго величества самодержицы всероссиискои, |
|
| 517 | 1 | _aО позволении мастерам делать золотые и серебрянные вещи ниже 84-й пробы, однако ж не ниже 72-й пробы | |
| 517 | 1 | _aЕя императорское величество высочайшим указом, данным Сенату за собственноручным ея величества подписанием 5 сего ноября, всемилостивейше за благо признать соизволила: позволить всем здешним золотых и серебряных дел мастерам... | |
| 518 | 1 | _aУказ ее императорского величества самодержицы всероссийской | |
| 518 | 1 | _aЕе императорское величество высочайшим указом, данным Сенату за собственноручным ее величества подписанием 5 сего ноября, всемилостивейше за благо признать соизволила: позволить всем здешним золотых и серебряных дел мастерам... | |
| 620 | _dСанкт-Петербург | ||
| 702 | 0 |
_4720 _7ca _8rus _aЕкатерина _cимператрица российская _dII _f1729-1796 _9112115 _3RU\NLR\AUTH\772098 |
|
| 710 | 0 | 1 |
_aРоссия _bИмператрица _c1762-1796; Екатерина II _9584929 _3RU\NLR\AUTH\8810042741 |
| 711 | 0 | 1 |
_4720 _aРоссия _bСенат _9392688 _3RU\NLR\AUTH\889948534 |
| 712 | 0 | 2 |
_4610 _aСенатская типография _cПетербург _9375085 _3RU\NLR\AUTH\889940127 |
| 801 | 0 |
_aRU _bNLR _c20030407 |
|
| 852 |
_aNLR _j135/331-76 |
||
| 852 |
_aNLR _j18.14.1.37-4-28 |
||
| 856 | 0 | _uhttp://vivaldi.nlr.ru/lk000002852/view | |
| 856 | 1 | _uhttp://vivaldi.nlr.ru/lk000002852/cover | |
| 856 | 2 | _uhttp://vivaldi.nlr.ru/lk000002852/text | |
| 942 | _cBOOK | ||
| 980 | _aNB | ||
| 980 | _aA1XVIIIv | ||
| 980 | _aA1UKAZ | ||
| 981 | 3 | 6 | _a(36) Цифровой репозиторий РНБ |
| 981 | 1 | 6 | _a(16) Законодательные акты Российской империи |